000 00581nam a2200169Ia 4500
003 GCL
008 140319s9999 xx 000 0 ara d
040 _aGCL /
_cGCL
082 0 4 _a820
_bج ا
100 1 _aجميل سعيد
245 1 0 _aاتجاهات الادب الانجليزى فى القرنين الثامن عشر والتاسع عشر /
_cجميل سعيد
300 _a181 ص
490 _aالهيئة العامة للاستعلامات
_v0
650 0 4 _aالعصر الحديث
650 0 4 _aالادب الانجليزى - تاريخ ونقد
942 _2ddc
_cBK
999 _c46951
_d46951